[Event "Kieler Open 2021"]
[Site "Kiel"]
[Date "2021.07.24"]
[Round "1.1"]
[White "von Lossow, Marcus"]
[Black "Teske, Henrik"]
[Result "0-1"]
[WhiteElo "1697"]
[BlackElo "2470"]
[Annotator "NB"]
[PlyCount "34"]
[EventDate "2021.??.??"]
[WhiteTeam "PTSV SK Hof 1892"]
[BlackTeam "SV Empor Erfurt"]

1. e4 c5 2. Nf3 g6 3. d4 cxd4 4. Nxd4 Bg7 5. Be3 Nc6 6. c3 Nf6 7. f3 O-O 8. Qd2
d5 9. exd5 Nxd5 10. Nxc6 bxc6 11. Bh6 Bxh6 12. Qxh6 Qb6 13. Qd2 Rb8 14. b3 Rd8
15. c4 Nb4 16. Qc3 Bf5 17. Na3 Qa5 0-1

[Event "Kieler Open 2021"]
[Site "Kiel"]
[Date "2021.07.24"]
[Round "1.2"]
[White "Spitzl, Vinzent"]
[Black "Weber, Andreas"]
[Result "1-0"]
[WhiteElo "2346"]
[BlackElo "1696"]
[Annotator "NB"]
[PlyCount "57"]
[EventDate "2021.??.??"]
[WhiteTeam "SV Griesheim"]
[BlackTeam "SV Oberursel"]

1. e4 g6 2. d4 Bg7 3. Nc3 c6 4. h3 d6 5. a4 Nd7 6. Be3 e5 7. Nge2 Ngf6 8. g4
O-O 9. Bg2 Re8 10. O-O Qc7 11. Qd2 exd4 12. Bxd4 Nc5 13. Ng3 Ne6 14. Be3 b6 15.
g5 Nd7 16. f4 Ba6 17. Rfd1 Bf8 18. Qf2 Rad8 19. f5 Ng7 20. a5 Bb7 21. axb6 axb6
22. Kh1 gxf5 23. exf5 d5 24. Bf4 Bd6 25. Bxd6 Qxd6 26. f6 Ne6 27. Nf5 Qb8 28.
Nh6+ Kf8 29. Qf5 1-0

[Event "Kieler Open 2021"]
[Site "Kiel"]
[Date "2021.07.24"]
[Round "1.3"]
[White "Ahrens, Gunnar"]
[Black "Arndt, Magnus"]
[Result "0-1"]
[WhiteElo "1692"]
[BlackElo "2338"]
[Annotator "NB"]
[PlyCount "54"]
[EventDate "2021.??.??"]
[WhiteTeam "Delmenhorster SK "]
[BlackTeam "SK Doppelbauer Kiel"]

1. Nf3 Nf6 2. b3 d5 3. Bb2 c5 4. e3 Nc6 5. d4 Bg4 6. Be2 e6 7. O-O Bd6 8. Nbd2
Qc7 9. dxc5 Bxc5 10. Nd4 Bxe2 11. Qxe2 Nxd4 12. Bxd4 Bxd4 13. exd4 O-O 14. Rfc1
Qc3 15. Qe3 Rfc8 16. h3 Qxe3 17. fxe3 Rc3 18. Rab1 Rxe3 19. c4 Re2 20. Rd1 Nh5
21. Kf1 Ng3+ 22. Kg1 h5 23. Kh2 Nf5 24. Nf3 Rxa2 25. Rd3 b6 26. Re1 Rc8 27.
cxd5 Rcc2 0-1

[Event "Kieler Open 2021"]
[Site "Kiel"]
[Date "2021.07.24"]
[Round "1.4"]
[White "Browning, Alex"]
[Black "Schmieder, Kerstin"]
[Result "1-0"]
[WhiteElo "2307"]
[BlackElo "1658"]
[Annotator "NB"]
[PlyCount "57"]
[EventDate "2021.??.??"]
[WhiteTeam "SVigung Plettenberg"]
[BlackTeam "Rodewischer Schachmiezen"]

1. e4 e6 2. d4 d5 3. Nc3 Bb4 4. Qd3 Nc6 5. e5 Nge7 6. Nf3 Bxc3+ 7. Qxc3 Bd7 8.
Bd3 h6 9. h4 Rf8 10. Rh3 Ng8 11. h5 Qe7 12. Rg3 f6 13. Bg6+ Kd8 14. Be3 Qb4 15.
Qxb4 Nxb4 16. c3 Nc6 17. Bh7 Nge7 18. Rxg7 fxe5 19. Nxe5 Nxe5 20. dxe5 Nf5 21.
Bxf5 Rxf5 22. g4 Rxe5 23. Kd2 Re4 24. Bxh6 c5 25. f3 Ra4 26. b3 Ra6 27. Bf4 Rc8
28. Be5 b5 29. h6 1-0

[Event "Kieler Open 2021"]
[Site "Kiel"]
[Date "2021.07.24"]
[Round "1.5"]
[White "Lambrecht, Niklas"]
[Black "Dietz, Florian"]
[Result "0-1"]
[WhiteElo "1654"]
[BlackElo "2277"]
[Annotator "NB"]
[PlyCount "66"]
[EventDate "2021.??.??"]
[WhiteTeam "SK Goslar"]
[BlackTeam "Reideburger SV 90 Halle"]

1. e4 c5 2. Nc3 d6 3. f4 g6 4. Nf3 Bg7 5. Bb5+ Nc6 6. Bxc6+ bxc6 7. d3 Rb8 8.
O-O Nh6 9. Qe1 O-O 10. Kh1 d5 11. b3 Ba6 12. Rb1 c4 13. dxc4 dxc4 14. Rf2 Qa5
15. Na4 Qxe1+ 16. Nxe1 Ng4 17. Rf3 cxb3 18. Rfxb3 Rxb3 19. Rxb3 Nf2+ 20. Kg1
Nxe4 21. Bb2 Rd8 22. Bxg7 Kxg7 23. Nd3 Nd2 24. Rc3 Bxd3 25. Rxd3 Rxd3 26. cxd3
Nb1 27. Kf2 Kf6 28. Ke3 Kf5 29. h3 h5 30. g3 Na3 31. Nc5 Nc2+ 32. Kd2 Nb4 33.
a4 h4 0-1

[Event "Kieler Open 2021"]
[Site "Kiel"]
[Date "2021.07.24"]
[Round "1.6"]
[White "Mitscherling, Andreas"]
[Black "Scheid, Lennart"]
[Result "1-0"]
[WhiteElo "2185"]
[BlackElo "1647"]
[Annotator "NB"]
[PlyCount "80"]
[EventDate "2021.??.??"]
[WhiteTeam "FC ST.Pauli"]
[BlackTeam "SK 1962 Ladenburg"]

1. d4 f5 2. e4 fxe4 3. Nc3 Nf6 4. Bg5 d5 5. Bxf6 exf6 6. Qh5+ g6 7. Qxd5 Bh6 8.
Bc4 Qe7 9. Qxe4 Nc6 10. Qxe7+ Nxe7 11. Ne4 Rf8 12. c3 b6 13. Bb5+ Kf7 14. Nf3
Bb7 15. Bd3 Rad8 16. O-O Kg7 17. Rfe1 Rfe8 18. Bb5 Nc6 19. Rad1 a6 20. Ba4 b5
21. Bc2 Ne7 22. Nc5 Bc8 23. Ne6+ Bxe6 24. Rxe6 Rd6 25. Rde1 Rxe6 26. Rxe6 Bc1
27. b3 Bb2 28. c4 Kf7 29. d5 c6 30. Rd6 cxd5 31. cxd5 Rc8 32. Bd3 Rc1+ 33. Bf1
Ba3 34. Rxa6 Bc5 35. Nd2 Nxd5 36. Ne4 Ne3 37. Rxf6+ Kg7 38. fxe3 Bxe3+ 39. Kh1
Ra1 40. Rf3 Bb6 1-0

[Event "Kieler Open 2021"]
[Site "Kiel"]
[Date "2021.07.24"]
[Round "1.7"]
[White "Zielke, Bernd"]
[Black "Gaerths, Ronny"]
[Result "0-1"]
[WhiteElo "1647"]
[BlackElo "2171"]
[Annotator "NB"]
[PlyCount "150"]
[EventDate "2021.??.??"]
[WhiteTeam "Kieler SG"]
[BlackTeam "Berlin"]

1. d4 Nf6 2. Nf3 d6 3. c4 Bg4 4. Nbd2 g6 5. h3 Bf5 6. e3 Bg7 7. Be2 a5 8. O-O
a4 9. b4 axb3 10. Nxb3 O-O 11. Bb2 Nc6 12. a3 Na5 13. Nxa5 Rxa5 14. Qb3 Qa8 15.
Rfc1 c6 16. Nd2 h5 17. Bd3 Bxd3 18. Qxd3 d5 19. Rc2 Ra6 20. Qb3 e6 21. Bc3 Rd8
22. Rca2 dxc4 23. Qxc4 Nd5 24. Bb2 Ra4 25. Qb3 Qa6 26. Ne4 Bf8 27. Rc1 Ra5 28.
Qc4 Qxc4 29. Rxc4 Rda8 30. Nc5 Bxc5 31. dxc5 Ra4 32. Rxa4 Rxa4 33. Ra1 f5 34.
Kf1 Ra5 35. Bd4 e5 36. Bxe5 Rxc5 37. Bd6 Rc2 38. Be5 Kf7 39. h4 Rc4 40. g3 b5
41. Rb1 Ke6 42. Bg7 Rc2 43. Rb3 Nb6 44. Rd3 Nc4 45. Bf8 Ne5 46. Rb3 Ng4 47. a4
bxa4 48. Ra3 Nxf2 49. Rxa4 Ne4 50. Ke1 Rc1+ 51. Ke2 Nc3+ 52. Kd2 Nxa4 53. Kxc1
Kd5 54. Kc2 Nc5 55. Bh6 Ne4 56. Bf4 Kc4 57. Bc7 Nf6 58. Bf4 c5 59. Be5 Ng4 60.
Bf4 Kd5 61. Kd3 c4+ 62. Kc3 Nf2 63. Kd2 Ne4+ 64. Kc2 Kc5 65. Bc7 Kb4 66. Be5
Kb5 67. Bc7 Nf6 68. Bf4 Kc5 69. Bb8 Nd5 70. Kd2 Kb4 71. Ba7 Kb3 72. Bd4 c3+ 73.
Kc1 Kc4 74. Kc2 Nb4+ 75. Kc1 Kd3 0-1

[Event "Kieler Open 2021"]
[Site "Kiel"]
[Date "2021.07.24"]
[Round "1.8"]
[White "Buchholz, Sebastian"]
[Black "Klein, Edmund"]
[Result "1-0"]
[WhiteElo "2151"]
[BlackElo "1636"]
[Annotator "NB"]
[PlyCount "25"]
[EventDate "2021.??.??"]
[WhiteTeam "SK Doppelbauer Kiel"]
[BlackTeam "TuS Holtenau"]

1. e4 e6 2. d3 d5 3. Nd2 dxe4 4. dxe4 e5 5. Ngf3 Bg4 6. Bc4 Bxf3 7. Qxf3 Qf6 8.
Qb3 b6 9. Nf3 Nh6 10. Bg5 Qg6 11. O-O-O f6 12. Bb5+ c6 13. Qe6+ 1-0

[Event "Kieler Open 2021"]
[Site "Kiel"]
[Date "2021.07.24"]
[Round "1.9"]
[White "Diederichs, Karl"]
[Black "Steffens, Olaf"]
[Result "0-1"]
[WhiteElo "1620"]
[BlackElo "2145"]
[Annotator "NB"]
[PlyCount "52"]
[EventDate "2021.??.??"]
[WhiteTeam "SK Lehrte"]
[BlackTeam "SV Werder Bremen"]

1. d4 b5 2. Nf3 Bb7 3. e3 b4 4. Ne5 Nf6 5. c4 e6 6. Qa4 c5 7. Bd2 Nc6 8. a3
Nxe5 9. dxe5 Ng4 10. axb4 Qh4 11. g3 Qh5 12. h3 Nxe5 13. Be2 Bf3 14. Nc3 Bxe2
15. Nxe2 Qf3 16. O-O-O Qxe2 17. Bc3 Qxc4 18. Kb1 Nc6 19. Rxd7 Kxd7 20. Rd1+ Bd6
21. Be5 Qe4+ 22. Ka1 Qxe5 23. f4 Qxe3 24. Qa6 Rhb8 25. b5 Nd4 26. b4 Qc3+ 0-1

[Event "Kieler Open 2021"]
[Site "Kiel"]
[Date "2021.07.24"]
[Round "1.10"]
[White "Weihrauch, Jakob"]
[Black "Ehrich, Dieter"]
[Result "1-0"]
[WhiteElo "2137"]
[BlackElo "1620"]
[Annotator "HJH"]
[PlyCount "39"]
[EventDate "2021.??.??"]
[WhiteTeam "Hamburger SK"]
[BlackTeam "PSV Ribnitz-Damgarten"]

1. e4 c5 2. Nf3 d6 3. d4 cxd4 4. Nxd4 Nf6 5. Nc3 g6 6. Be3 Bg7 7. f3 a6 8. Qd2
O-O 9. O-O-O Nc6 10. g4 Ne8 11. h4 Nxd4 12. Bxd4 Bxd4 13. Qxd4 e5 14. Qxe5 Qxh4
15. Rxh4 dxe5 16. Rd5 g5 17. Rh2 f6 18. Rd8 b5 19. a4 Kg7 20. Nd5 1-0

[Event "Kieler Open 2021"]
[Site "Kiel"]
[Date "2021.07.24"]
[Round "1.11"]
[White "Tran, Minh Dat"]
[Black "Popvasilev, Kaloyan"]
[Result "0-1"]
[WhiteElo "1611"]
[BlackElo "2127"]
[Annotator "HJH"]
[PlyCount "44"]
[EventDate "2021.??.??"]
[WhiteTeam "SC Agon Neumünster"]
[BlackTeam "SV Bargteheide"]

1. c4 e6 2. Nc3 d5 3. d4 Nf6 4. Nf3 Nbd7 5. g3 dxc4 6. e4 Bb4 7. Qc2 c5 8. Bg2
cxd4 9. Nxd4 Nc5 10. Be3 Nd3+ 11. Ke2 Ng4 12. b3 Nxe3 13. fxe3 Qa5 14. Nd1 Bd7
15. bxc4 Ne5 16. Nb3 Qa6 17. Nb2 Rc8 18. Rhc1 Ba3 19. Bf1 O-O 20. Kf2 Ng4+ 21.
Kf3 e5 22. Re1 f5 0-1

[Event "Kieler Open 2021"]
[Site "Kiel"]
[Date "2021.07.24"]
[Round "1.12"]
[White "Bus, Tom"]
[Black "Malinowsky, Levi"]
[Result "1-0"]
[WhiteElo "2108"]
[BlackElo "1593"]
[Annotator "HJH"]
[PlyCount "135"]
[EventDate "2021.??.??"]
[WhiteTeam "SV Mülheim-Nord"]
[BlackTeam "SK Doppelbauer Kiel"]

1. Nf3 Nf6 2. g3 g6 3. b3 Bg7 4. Bb2 O-O 5. Bg2 d5 6. c4 e6 7. O-O c6 8. d3
Nbd7 9. Nbd2 Qc7 10. Rc1 Re8 11. Rc2 Qd6 12. Qa1 b6 13. Ne5 Nxe5 14. Bxe5 Qe7
15. Rfc1 Bb7 16. Nf3 c5 17. b4 Rac8 18. bxc5 bxc5 19. Rb2 Bc6 20. Rcb1 dxc4 21.
dxc4 Red8 22. Rb3 h6 23. Ne1 Bxg2 24. Kxg2 Ne8 25. Nd3 Bxe5 26. Qxe5 Nd6 27.
Qf4 Nf5 28. Rb7 Rd7 29. Rb8 Rdd8 30. R1b7 Qe8 31. Rxc8 Rxc8 32. Ne5 g5 33. Qf3
f6 34. Nd7 Qg6 35. Rxa7 Rd8 36. e4 Rxd7 37. exf5 Qf7 38. fxe6 Qxe6 39. Rxd7
Qxd7 40. Qxf6 Qd3 41. Qe6+ Kg7 42. Qe5+ Kh7 43. Qxc5 Qe4+ 44. Kh3 Qe6+ 45. g4
Qe1 46. Qf5+ Kg7 47. Kg2 Qe2 48. Qd7+ Kh8 49. Qd4+ Kg8 50. a4 Qa2 51. a5 Kh7
52. Qd5 Qe2 53. h3 h5 54. Qf7+ Kh8 55. Qxh5+ Kg7 56. Qxg5+ Kh7 57. Qf5+ Kh6 58.
Qd5 Qa2 59. Qc6+ Kg5 60. Qb5+ Kg6 61. a6 Qe2 62. Qc6+ Kg5 63. Qd5+ Kg6 64. a7
Qe8 65. Qh5+ Kf6 66. Qxe8 Kg5 67. Qe6 Kf4 68. Qf5# 1-0

[Event "Kieler Open 2021"]
[Site "Kiel"]
[Date "2021.07.24"]
[Round "1.13"]
[White "Weihrauch, Sebastian"]
[Black "Dittmann, Hans-Adolf"]
[Result "0-1"]
[WhiteElo "1591"]
[BlackElo "2083"]
[Annotator "Teske"]
[PlyCount "84"]
[EventDate "2021.??.??"]
[WhiteTeam "Hamburger SK"]
[BlackTeam "Preetzer TSV"]

1. e4 c5 2. Nf3 d6 3. d4 cxd4 4. Nxd4 Nf6 5. Nc3 a6 6. Be3 e5 7. Nb3 Be6 8. f3
Nbd7 9. Qd2 Be7 10. O-O-O b5 11. g4 Nb6 12. g5 Nfd7 13. Kb1 O-O 14. h4 b4 15.
Nd5 Bxd5 16. exd5 a5 17. Nc1 f5 18. gxf6 Nxf6 19. Bh3 Nc4 20. Qe2 Nxe3 21. Qxe3
Nh5 22. Bg4 Nf4 23. Rdg1 Kh8 24. Qe4 Qc7 25. Rh2 Qb7 26. Rd1 a4 27. Ne2 Ra5 28.
Be6 Rc5 29. Ng3 Bf6 30. Ne2 b3 31. Nc3 bxa2+ 32. Kxa2 Rb8 33. Nxa4 Ra5 34. b3
Rxa4+ 35. Qxa4 Ra8 36. Qxa8+ Qxa8+ 37. Kb2 e4+ 38. c3 Qa5 39. Rc2 Nd3+ 40. Kb1
Qb5 41. b4 Qa4 42. fxe4 Qb3+ 0-1

[Event "Kieler Open 2021"]
[Site "Kiel"]
[Date "2021.07.24"]
[Round "1.14"]
[White "Callsen, Niklas"]
[Black "Wartenberg, Alissa"]
[Result "1-0"]
[WhiteElo "2072"]
[BlackElo "1562"]
[Annotator "Teske"]
[PlyCount "53"]
[EventDate "2021.??.??"]
[WhiteTeam "MTV Leck"]
[BlackTeam "Hamburger SK"]

1. e4 e5 2. d4 exd4 3. Qxd4 Nc6 4. Qc4 Nf6 5. Nc3 Be7 6. Be3 O-O 7. O-O-O d6 8.
f3 Ne5 9. Qe2 b6 10. g4 a5 11. g5 Nh5 12. Qg2 g6 13. f4 Nc6 14. Be2 Bd7 15. Nh3
Ng7 16. Nf2 Nb4 17. h4 f6 18. h5 Kf7 19. f5 fxg5 20. hxg6+ hxg6 21. Bc4+ Ke8
22. Rh7 Nh5 23. fxg6 Nf6 24. Bf7+ Rxf7 25. gxf7+ Kf8 26. Qxg5 Nxh7 27. Qg8# 1-0

[Event "Kieler Open 2021"]
[Site "Kiel"]
[Date "2021.07.24"]
[Round "1.15"]
[White "Maas, Kolja"]
[Black "Farokhi, Keyvan"]
[Result "0-1"]
[WhiteElo "1559"]
[BlackElo "2045"]
[Annotator "Teske"]
[PlyCount "68"]
[EventDate "2021.??.??"]
[WhiteTeam "Lübecker SV"]
[BlackTeam "SK Doppelbauer Kiel"]

1. e4 c6 2. d4 d5 3. e5 c5 4. Nf3 Nc6 5. Bb5 Bg4 6. Nc3 cxd4 7. Qxd4 Bxf3 8.
gxf3 e6 9. Rg1 Nge7 10. Bg5 Nf5 11. Qa4 Qc7 12. O-O-O Bc5 13. Rd2 h6 14. Bf4
O-O-O 15. Bxc6 Qxc6 16. Qb3 g5 17. Bg3 Nd4 18. Rxd4 Bxd4 19. Nb5 Bc5 20. Nd6+
Bxd6 21. exd6 f6 22. Re1 e5 23. Re3 d4 24. Qe6+ Kb8 25. Rb3 Rxd6 26. Qe7 Rhd8
27. Kd2 Qd7 28. Qxd7 R8xd7 29. h4 Rc6 30. Kd3 Rdc7 31. c3 dxc3 32. bxc3 Rd6+
33. Ke4 gxh4 34. Bxh4 Rc4+ 0-1

[Event "Kieler Open 2021"]
[Site "Kiel"]
[Date "2021.07.24"]
[Round "1.16"]
[White "Schalla, Dieter"]
[Black "Lu, Yunong Elias"]
[Result "1-0"]
[WhiteElo "2043"]
[BlackElo "1557"]
[Annotator "Teske"]
[PlyCount "61"]
[EventDate "2021.??.??"]
[WhiteTeam "SVG Friedrichsort"]
[BlackTeam "SC Schwarz-Weiß Harburg"]

1. c4 c5 2. Nc3 Nf6 3. g3 d5 4. cxd5 Nxd5 5. Bg2 Nc7 6. Nf3 g6 7. d4 cxd4 8.
Nxd4 Bg7 9. Be3 O-O 10. O-O a6 11. Rc1 Nd7 12. Qd2 e5 13. Nb3 Qe7 14. Ne4 Ne6
15. Nd6 Nf6 16. Rfd1 Ng4 17. Bb6 Nd4 18. Nxd4 exd4 19. Bc5 Qd7 20. Nc4 Qf5 21.
Bxf8 Bxf8 22. Nb6 Qxf2+ 23. Kh1 Ne3 24. Rg1 Bf5 25. Nxa8 d3 26. Qe1 Qxe1 27.
Rgxe1 d2 28. Red1 Nxd1 29. Rxd1 Bb4 30. Bf3 Bc2 31. e4 1-0

[Event "Kieler Open 2021"]
[Site "Kiel"]
[Date "2021.07.24"]
[Round "1.17"]
[White "Bräutigam, Alexander"]
[Black "Kosanke, Stefan"]
[Result "0-1"]
[WhiteElo "1555"]
[BlackElo "2033"]
[Annotator "Teske"]
[PlyCount "60"]
[EventDate "2021.??.??"]
[WhiteTeam "SV VHS Rendsburg"]
[BlackTeam "SC Agon Neumünster"]

1. d4 Nf6 2. c4 g6 3. Nc3 Bg7 4. e4 d6 5. Bg5 c6 6. Qd2 O-O 7. Bd3 Nbd7 8. Nge2
e5 9. d5 Nc5 10. Bc2 a5 11. O-O Qc7 12. Rad1 Ne8 13. Bh4 f5 14. f4 Nxe4 15.
Bxe4 fxe4 16. Nxe4 Bg4 17. fxe5 Rxf1+ 18. Rxf1 Bxe2 19. Qxe2 Bxe5 20. Nf6+ Nxf6
21. Bxf6 cxd5 22. Qg4 Re8 23. Qf3 Qc5+ 24. Kh1 Rf8 25. Qg4 Rxf6 26. Rxf6 Bxf6
27. Qe6+ Kg7 28. Qd7+ Kf8 29. Qxh7 Qe3 30. g3 Qf3+ 0-1

[Event "Kieler Open 2021"]
[Site "Kiel"]
[Date "2021.07.24"]
[Round "1.18"]
[White "Garbuszus, Jürgen"]
[Black "Serrer, David"]
[Result "1-0"]
[WhiteElo "2025"]
[BlackElo "1551"]
[Annotator "Teske"]
[PlyCount "127"]
[EventDate "2021.??.??"]
[WhiteTeam "Peiner SV"]
[BlackTeam "TV Fischbek Suederelbe"]

1. d4 d5 2. c4 c6 3. Nf3 Nf6 4. Nc3 dxc4 5. a4 e6 6. e3 c5 7. Bxc4 Nc6 8. O-O
cxd4 9. exd4 Be7 10. Re1 O-O 11. h3 Nb4 12. Bf4 b6 13. Ne5 Bd6 14. Qf3 Rb8 15.
Nb5 Bb7 16. Qb3 Bxe5 17. Bxe5 Nc6 18. Bxb8 Qxb8 19. Qe3 Rd8 20. Rad1 Re8 21.
Qg5 h6 22. Qe3 Ne7 23. Qe5 Qxe5 24. dxe5 Nfd5 25. Nd6 Rb8 26. Nxb7 Rxb7 27. Rc1
Rd7 28. g3 Nb4 29. Red1 Ned5 30. Bb5 Rd8 31. Rc4 Rb8 32. Rdc1 Rb7 33. Rc8+ Kh7
34. Kg2 a6 35. Be2 Rd7 36. Ra8 a5 37. Bb5 Rb7 38. Rcc8 Kg6 39. Rab8 Ra7 40. h4
Kf5 41. f4 g5 42. Kf3 gxf4 43. gxf4 Nxf4 44. Rh8 Nbd5 45. Rxh6 Rc7 46. Rh7 Kxe5
47. h5 Rc2 48. h6 Rh2 49. Rb7 Nf6 50. Rhxf7 Rh3+ 51. Kf2 Rxh6 52. Rxb6 Rh1 53.
Bc6 Rh2+ 54. Kg1 Rd2 55. Rb5+ N6d5 56. Ra7 Rd1+ 57. Kf2 Rd2+ 58. Ke1 Re2+ 59.
Kd1 Kd4 60. Bxd5 exd5 61. Raxa5 Kd3 62. Rxd5+ Kc4 63. Rf5 Re4 64. Rae5 1-0

[Event "Kieler Open 2021"]
[Site "Kiel"]
[Date "2021.07.24"]
[Round "1.19"]
[White "Pennekamp, Christoph"]
[Black "Meyer, Jürgen"]
[Result "0-1"]
[WhiteElo "1541"]
[BlackElo "2011"]
[Annotator "Teske"]
[PlyCount "88"]
[EventDate "2021.??.??"]
[WhiteTeam "SC Hansa Dortmund"]
[BlackTeam "SV VHS Heide"]

1. d4 d5 2. Nf3 Nf6 3. e3 Bf5 4. Nbd2 e6 5. a3 Nbd7 6. Be2 h6 7. b3 Bd6 8. Bb2
O-O 9. O-O c5 10. Ne5 cxd4 11. exd4 Qc7 12. c4 Nxe5 13. dxe5 Bxe5 14. Bxe5 Qxe5
15. Nf3 Qb2 16. Nd4 Bh7 17. cxd5 Nxd5 18. Bd3 Nc3 19. Bxh7+ Kxh7 20. Qc2+ Qxc2
21. Nxc2 Rfd8 22. Ne3 Rd3 23. Rfe1 Rad8 24. Kf1 Nd5 25. Rab1 Nxe3+ 26. Rxe3
Rxe3 27. fxe3 Rd2 28. Rc1 Rd3 29. Rc7 Rxb3 30. Rxf7 Rxe3 31. Rxb7 Rxa3 32. Re7
Ra6 33. Kf2 Kg6 34. Kf3 Kf6 35. Rd7 Ra1 36. Kf2 a5 37. Rd6 Rb1 38. Ra6 Rb5 39.
Ke3 h5 40. Kf4 Rb4+ 41. Kf3 a4 42. Ke3 Kf5 43. Kd3 Rb2 44. Ra5+ e5 0-1

[Event "Kieler Open 2021"]
[Site "Kiel"]
[Date "2021.07.24"]
[Round "1.20"]
[White "Blietschau, Volker"]
[Black "Sturm, Simon"]
[Result "1-0"]
[WhiteElo "2010"]
[BlackElo "1533"]
[Annotator "Teske"]
[PlyCount "124"]
[EventDate "2021.??.??"]

1. e4 g6 2. d4 d6 3. c4 Bg7 4. Nc3 Nf6 5. Be2 O-O 6. h3 Nc6 7. Nf3 e5 8. Bg5 h6
9. Bxf6 Bxf6 10. d5 Ne7 11. Qd2 Bg7 12. g4 f5 13. gxf5 gxf5 14. exf5 Nxf5 15.
Ne4 Nh4 16. Nxh4 Qxh4 17. Qe3 Rf4 18. Ng3 Bd7 19. O-O-O a6 20. Rdg1 Be8 21. Bd3
Qf6 22. Ne4 Qf7 23. Rg3 Kh8 24. Rhg1 Bf6 25. Rg4 Bh4 26. Rxf4 Qxf4 27. Qxf4
exf4 28. Rg4 Be7 29. Kc2 Bd7 30. Rg6 Rd8 31. Nf6 Bxh3 32. Rxh6+ Kg7 33. Rg6+
Kf7 34. Nh5 f3 35. Rg7+ Kf8 36. Bg6 Rd7 37. Rf7+ Kg8 38. Nf6+ Bxf6 39. Rxf6 Bf1
40. Bd3 Bg2 41. Be4 Rf7 42. Rxf7 Kxf7 43. Kd2 Kf6 44. Ke3 Ke5 45. Bxf3 Bxf3 46.
Kxf3 Kf5 47. Ke3 Ke5 48. b4 b5 49. Kd3 Kf4 50. Kc3 Ke4 51. a3 Kf3 52. Kb3 Kxf2
53. cxb5 axb5 54. a4 bxa4+ 55. Kxa4 Ke3 56. Kb5 Kd4 57. Kc6 Kc4 58. b5 Kd4 59.
Kxc7 Kxd5 60. b6 Kc5 61. b7 d5 62. b8=Q d4 1-0

[Event "Kieler Open 2021"]
[Site "Kiel"]
[Date "2021.07.24"]
[Round "1.21"]
[White "Kirchner, Philipp"]
[Black "Quiring, Nikolai"]
[Result "0-1"]
[WhiteElo "1519"]
[BlackElo "2005"]
[Annotator "HJH"]
[PlyCount "80"]
[EventDate "2021.??.??"]

1. e4 e6 2. d4 d5 3. Nd2 Nf6 4. e5 Nfd7 5. Bd3 c5 6. c3 Nc6 7. Ne2 Qb6 8. Nf3
Be7 9. O-O O-O 10. Bc2 cxd4 11. Qd3 g6 12. cxd4 Nb4 13. Qd1 Nxc2 14. Qxc2 Re8
15. Nf4 Nf8 16. h4 Bd7 17. Nh3 Rec8 18. Qd2 Bb5 19. Rd1 Rc4 20. h5 Bb4 21. Qg5
Re8 22. h6 Nd7 23. Qf4 Rf8 24. Nhg5 f6 25. exf6 Rxf6 26. Qg4 Rc2 27. a3 Be2 28.
Nxh7 Kxh7 29. axb4 Bxd1 30. Ng5+ Kh8 31. Qxd1 Rcxf2 32. Qg4 Qxb4 33. Rxa7 Qe1+
34. Kh2 Qxc1 35. Ra8+ Nf8 36. Rxf8+ Rxf8 37. Nxe6 Qxh6+ 38. Kg3 Qe3+ 39. Kh2
R8f7 40. Ng5 Qf4+ 0-1

[Event "Kieler Open 2021"]
[Site "Kiel"]
[Date "2021.07.24"]
[Round "1.22"]
[White "Helms, Finn"]
[Black "Lambrecht, Harald"]
[Result "1-0"]
[WhiteElo "1972"]
[BlackElo "1444"]
[Annotator "HJH"]
[PlyCount "63"]
[EventDate "2021.??.??"]

1. e4 c5 2. Nf3 d6 3. d4 cxd4 4. Nxd4 Nf6 5. Nc3 a6 6. f3 e6 7. Be3 Nc6 8. Qd2
Be7 9. O-O-O O-O 10. g4 h6 11. h4 Nh7 12. h5 Nxd4 13. Bxd4 e5 14. Be3 Ng5 15.
Qf2 b5 16. Nd5 Be6 17. Be2 Bxd5 18. Rxd5 Rc8 19. Bd3 Rc6 20. f4 exf4 21. Bxf4
Ne6 22. Kb1 Nxf4 23. Qxf4 Bg5 24. Qf3 Re8 25. Rf1 Rc7 26. Rd1 Re6 27. e5 Be7
28. Bf5 Qe8 29. Bxe6 fxe6 30. exd6 exd5 31. Qxd5+ Kh8 32. dxc7 1-0

[Event "Kieler Open 2021"]
[Site "Kiel"]
[Date "2021.07.24"]
[Round "1.23"]
[White "Wartenberg, Alexander"]
[Black "Krieglstein, Marcel"]
[Result "0-1"]
[WhiteElo "1424"]
[BlackElo "1962"]
[Annotator "HJH"]
[PlyCount "76"]
[EventDate "2021.??.??"]

1. e4 d5 2. exd5 Qxd5 3. Nc3 Qa5 4. Nf3 Nf6 5. d4 Bf5 6. Bd3 Bxd3 7. Qxd3 c6 8.
O-O e6 9. Bf4 Be7 10. Rfe1 O-O 11. Ne4 Nbd7 12. Ne5 Rfd8 13. Ng5 Nxe5 14. Bxe5
h6 15. Bxf6 Bxf6 16. Qh7+ Kf8 17. Nf3 Qh5 18. Qe4 Rd7 19. c3 a5 20. Ne5 Bxe5
21. Qxe5 Qg6 22. Qe4 Qf6 23. Re3 Rd5 24. Qh7 Rad8 25. Rf3 Rf5 26. Rxf5 Qxf5 27.
Qh8+ Ke7 28. Qxg7 Qc2 29. Qxh6 Qxb2 30. Qc1 Qe2 31. Qa3+ Kd7 32. Qxa5 Rg8 33.
Rb1 b5 34. Qa7+ Kd6 35. Qc5+ Kd7 36. Qa7+ Kd6 37. Qxf7 Qe4 38. f3 Qxb1+ 0-1

[Event "Kieler Open 2021"]
[Site "Kiel"]
[Date "2021.07.24"]
[Round "1.24"]
[White "Schiller, Thomas"]
[Black "Wartenberg, Julian"]
[Result "1/2-1/2"]
[WhiteElo "1956"]
[BlackElo "1408"]
[Annotator "PS"]
[PlyCount "82"]
[EventDate "2021.??.??"]
[WhiteTeam "SK Johanneum Eppendorf"]
[BlackTeam "Hamburger SK"]

1. e4 e6 2. d4 d5 3. e5 c5 4. c3 Nc6 5. Nf3 Qb6 6. Bd3 Bd7 7. dxc5 Bxc5 8. O-O
Nh6 9. b4 Be7 10. a4 f6 11. Qe2 Nf7 12. Bf4 Rc8 13. a5 Qd8 14. b5 Nxa5 15. exf6
Bxf6 16. Ne5 Nxe5 17. Bxe5 b6 18. Bd6 Kf7 19. Qh5+ g6 20. Qf3 Bxb5 21. Bb4 Bxd3
22. Qxd3 Nc6 23. Nd2 Nxb4 24. Rxa7+ Rc7 25. Rxc7+ Qxc7 26. cxb4 Qc3 27. Qe2
Qxb4 28. Rb1 Qd6 29. Nf3 Rb8 30. g4 h6 31. Qd2 g5 32. Qd3 Kg7 33. h3 Qf4 34.
Kg2 Qc4 35. Qa3 Rb7 36. Rc1 Qb5 37. Rc8 Rf7 38. Qa8 Qd7 39. h4 Qb7 40. hxg5
Qxa8 41. gxf6+ Kxf6 1/2-1/2

[Event "Kieler Open 2021"]
[Site "Kiel"]
[Date "2021.07.24"]
[Round "1.25"]
[White "Malinowsky, Celina"]
[Black "Hufendiek, Ekkehard"]
[Result "0-1"]
[WhiteElo "1366"]
[BlackElo "1954"]
[Annotator "PS"]
[PlyCount "108"]
[EventDate "2021.??.??"]
[WhiteTeam "SK Doppelbauer Kiel"]
[BlackTeam "SK Werther"]

1. e4 e5 2. Nf3 Nc6 3. Bc4 Nf6 4. d3 Bc5 5. c3 a6 6. Bb3 d6 7. Nbd2 O-O 8. Nf1
Be6 9. Bc2 Ng4 10. Be3 Nxe3 11. Nxe3 Bxe3 12. fxe3 f5 13. exf5 Bxf5 14. O-O Bg4
15. Qe2 e4 16. dxe4 Ne5 17. Rf2 Qe8 18. Qf1 Bxf3 19. gxf3 Qg6+ 20. Kh1 Qh5 21.
f4 Ng4 22. Re2 Rf6 23. Qg1 Rh6 24. Rg2 Nf6 25. Rxg7+ Kh8 26. Rg3 Rg8 27. Rxg8+
Nxg8 28. Qf2 Nf6 29. Rg1 Ng4 30. Rxg4 Qxg4 31. Qg2 Rg6 32. Qxg4 Rxg4 33. Bd1
Rg7 34. Bb3 Re7 35. Bc2 Kg7 36. Kg2 Kf6 37. Kf2 h5 38. Bd3 h4 39. Bc2 c5 40.
Bd3 b5 41. b3 Rb7 42. c4 b4 43. Be2 a5 44. Bf3 Ra7 45. Bd1 h3 46. Kf1 Rg7 47.
Bf3 Ke7 48. Kf2 Kd8 49. f5 Ke7 50. Kf1 Kf6 51. Kf2 Ke5 52. Kf1 Ra7 53. Bg4 Kxe4
54. Ke2 a4 0-1

[Event "Kieler Open 2021"]
[Site "Kiel"]
[Date "2021.07.24"]
[Round "1.26"]
[White "Basey, Matthew"]
[Black "Möller, Rainer"]
[Result "1-0"]
[WhiteElo "1922"]
[BlackElo "1365"]
[Annotator "PS"]
[PlyCount "51"]
[EventDate "2021.??.??"]
[WhiteTeam "Kieler SG"]
[BlackTeam "SV Büsum"]

1. d4 Nf6 2. Nf3 e6 3. e3 d5 4. Bd3 g6 5. O-O Bg7 6. b3 O-O 7. Bb2 Nbd7 8. Nbd2
b6 9. Qe2 Bb7 10. e4 dxe4 11. Nxe4 Nxe4 12. Bxe4 Bxe4 13. Qxe4 Nf6 14. Qe2 Re8
15. Rad1 Qc8 16. c4 c5 17. dxc5 bxc5 18. Be5 Nh5 19. Bxg7 Nxg7 20. Ne5 Nf5 21.
Ng4 Rf8 22. Qe5 Qb7 23. Nf6+ Kh8 24. Nd7+ Kg8 25. Nxf8 Rxf8 26. Qxc5 1-0

[Event "Kieler Open 2021"]
[Site "Kiel"]
[Date "2021.07.24"]
[Round "1.27"]
[White "Peglau, Paul David"]
[Black "Heutling, Elina"]
[Result "0-1"]
[WhiteElo "1365"]
[BlackElo "1919"]
[Annotator "PS"]
[PlyCount "38"]
[EventDate "2021.??.??"]
[WhiteTeam "SZent Seeblick"]
[BlackTeam "Schachzwerge Magdeburg"]

1. d4 Nf6 2. c4 c5 3. d5 b5 4. cxb5 a6 5. bxa6 g6 6. a7 Rxa7 7. Nc3 Bg7 8. f4
O-O 9. e4 e6 10. d6 Bb7 11. Bd3 c4 12. Bb1 Qa5 13. Qd2 Na6 14. e5 Nd5 15. Nxd5
Qxd5 16. Qxd5 Bxd5 17. Kf2 f6 18. Be3 Rb7 19. Kg3 fxe5 0-1